000 00545nam a2200193Ia 4500
999 _c8485
_d8485
003 OSt
005 20201006130751.0
008 190216s9999||||xx |||||||||||||| ||und||
020 _a8122405797
040 _coclc
082 _a004
_bRAM/C
100 _aRam, B
_91052
245 0 _aComputer Fundamentals Architecture And Organization /
_cB Ram
250 _a1st Ed.
260 _bNew Age International Publishers,
_c1995.
_aNew Delhi:
300 _a473p
650 _aPhysics
942 _cBK
_2ddc
_h004
_iRAM/C
_k004
_mRAM/C